Podpora fyzických osôb v druhej vlne pandémie COVID-19

Popis a rozbor opatrení prijatých na Slovensku od októbra 2020. Analýza zákonov a nariadení s konkrétnymi radami pre žiadateľov.

Salvato in:
Dettagli Bibliografici
Autore principale: Pakšiová, Renáta, 1974-
Natura: Capitolo di libro
Lingua:slovacco
Soggetti:
Tags: Aggiungi Tag
Nessun Tag, puoi essere il primo ad aggiungerne!!

MARC

LEADER 00000naa a2200000 4500
001 0270542
005 20240502074235.6
041 0 |a slo 
044 |a SK 
245 1 0 |a Podpora fyzických osôb v druhej vlne pandémie COVID-19  |c Renáta Pakšiová 
520 |a Popis a rozbor opatrení prijatých na Slovensku od októbra 2020. Analýza zákonov a nariadení s konkrétnymi radami pre žiadateľov. 
610 2 0 |a pandémia 
610 2 0 |a osoby fyzické 
610 2 0 |a osoby právnické 
610 2 0 |a zákony 
100 1 |a Pakšiová, Renáta, 1974-